Initiales de pays les plus fréquentes - Erreurs éliminatoires - Statistiques

Statistiques générales
  • Ce quiz a été pris 99 fois
  • Le résultat moyen est 6 sur 10
Statistiques - réponses
# Lettres % Correct
14 A
94%
16 M
77%
10 E
72%
15 C
71%
22 S
63%
10 P
61%
13 T
53%
18 B
51%
10 I
49%
11 G
34%
Aucun quiz correspondant
Distribution des résultats
% des personnes avec chaque résultat
Percentile par nombre de réponses
Votre historique - résultats
Vous n’avez pas pris ce quiz